US States by Second Letter - A - Statistics

General Stats
  • This quiz has been taken 172 times
  • The average score is 6 of 7
Answer Stats
State % Correct
California
94%
Maine
88%
Kansas
87%
Massachusetts
85%
Washington
82%
Hawaii
81%
Maryland
78%
No matching quizzes found
Score Distribution
Percent of People with Each Score
Percentile by Number Answered
Your Score History
You have not taken this quiz